| 000 | 00995nam a2200229Ia 4500 | ||
|---|---|---|---|
| 999 |
_c39495 _d39495 |
||
| 001 | 6091 | ||
| 003 | GE_BSU | ||
| 005 | 20190923151759.0 | ||
| 008 | 181216s1970||||ge |||||||||||||| ||geo|| | ||
| 040 | _cGE_BSU | ||
| 041 | _ageo | ||
| 080 | _a821.353.1-32 ა-87 | ||
| 100 |
_aასათიანი, მამია _94148 |
||
| 245 |
_aმოთხრობები. - ლეგენდები. - ლიტერატურული ჩანაწერები / _cმამია ასათიანი ; რედ. ნინასარიძე, ნ. |
||
| 264 |
_aთბილისი : _bსაბჭოთა საქართველო ; _c1970. |
||
| 300 |
_a498 გვ. ; _c22 სმ. |
||
| 653 | _aლეგენდები | ||
| 653 | _aმოთხრობები | ||
| 653 | _aლიტერატურული ჩანაწერები | ||
| 700 |
_aნინასარიძე, ნ. _eრედაქტორი _94237 |
||
| 942 |
_cBK _2udc |
||